000 00873nas a2200313 4500
001 BR0400525
003 BR-BrBNA
005 20231205104256.0
007 ta
008 230509b bl.|||p| |||| 00| 00por d
040 _aBR-BrBNA
_bpor
_cBiblioteca Nacional de Agricultura
041 _a(Pt)
072 _aQ02
100 1 _aLima, D. de
100 1 _aVillela, F.A.
100 1 _aPeske, S.T.
100 1 _aSilva Filho, P.M. da
245 1 _aComportamento da secagem de sementes de arroz
650 _aARROZ
650 _aSEMENTE
650 _aSECAGEM ARTIFICIAL
650 _aTEMPERATURA
650 _aDEFICIÊNCIA HÍDRICA
650 _aVELOCIDADE
650 _aTEOR DE UMIDADE
773 0 _tInformativo ABRATES (Brazil)
_xISSN 0103-667X
_g(Dec 2002), v. 12(1-3) p. 35-43
_wBR0400525
909 _a202311
_bLúcia
_c55
_dLúcia Elande
942 _2AGRIS
_n0
_cANA
999 _c177313
_d177313